[Event "MCRW_SF19"]
[Site "?"]
[Date "2009.06.30"]
[Round "?"]
[White "Splichal, Stanislav"]
[Black "Binas, Jindrich"]
[Result "1/2-1/2"]
[WhiteElo "2197"]
[BlackElo "2200"]
[PlyCount "59"]
[EventDate "2009.??.??"]
[EventType "corr"]
[EventRounds "2"]

1. d4 Nf6 2. c4 e6 3. Nf3 d5 4. Nc3 c6 5. e3 a6 6. c5 Nbd7 7. b4 g6 8. Bb2 Bg7
9. Be2 Qc7 10. O-O O-O 11. Na4 Ne4 12. Ne1 e5 13. dxe5 Nxe5 14. f3 Nf6 15. Nb6
Rb8 16. Bd4 Re8 17. Qd2 Ned7 18. Nxc8 Rbxc8 19. Nd3 Nf8 20. Rfe1 N6d7 21. Bf1
Ra8 22. Bxg7 Kxg7 23. Rab1 Nf6 24. a4 Rad8 25. Qb2 Ra8 26. f4 Qe7 27. Nf2 Kg8
28. Rbc1 a5 29. b5 Ne4 30. Bd3 1/2-1/2

[Event "MCRW_SF19"]
[Site "?"]
[Date "2009.06.30"]
[Round "?"]
[White "Splichal, Stanislav"]
[Black "Mezera, Lukas"]
[Result "1/2-1/2"]
[WhiteElo "2197"]
[BlackElo "2262"]
[PlyCount "81"]
[EventDate "2009.??.??"]
[EventType "corr"]
[EventRounds "2"]

1. d4 Nf6 2. c4 g6 3. Nf3 Bg7 4. g3 O-O 5. Bg2 d5 6. cxd5 Nxd5 7. O-O Nb6 8.
Nc3 Nc6 9. e3 Re8 10. Re1 a5 11. Ng5 h6 12. Nge4 e5 13. d5 Nb4 14. d6 c6 15. a3
N4d5 16. Nxd5 Nxd5 17. Qc2 Nf6 18. Nxf6+ Qxf6 19. e4 Qxd6 20. Be3 Qc7 21. Bf1
Be6 22. Bc4 Bxc4 23. Qxc4 Red8 24. Red1 Bf8 25. Kg2 Kg7 26. h4 h5 27. Qb3 c5
28. a4 b6 29. Qc4 Rd7 30. Rd5 Rxd5 31. exd5 Rd8 32. Rd1 f5 33. f3 Kh7 34. Bg5
Rd7 35. Qb5 Bh6 36. Qc6 Bxg5 37. hxg5 Qd6 38. Rd3 Kg7 39. Rb3 Qxd5 40. Rxb6
Qxc6 41. Rxc6 1/2-1/2

[Event "MCRW_SF19"]
[Site "?"]
[Date "2009.06.30"]
[Round "?"]
[White "Splichal, Stanislav"]
[Black "Ryska, Jiri"]
[Result "1-0"]
[WhiteElo "2197"]
[BlackElo "2174"]
[PlyCount "63"]
[EventDate "2009.??.??"]
[EventType "corr"]
[EventRounds "2"]

1. d4 Nf6 2. c4 e6 3. Nf3 d5 4. g3 Bb4+ 5. Nc3 O-O 6. Bg2 dxc4 7. O-O Nc6 8. a3
Bd6 9. Qa4 e5 10. d5 Nd4 11. Nxd4 exd4 12. Nb5 Nxd5 13. Qxc4 Be5 14. Bxd5 c6
15. Bf3 cxb5 16. Qxb5 Re8 17. Rd1 a6 18. Qc5 b6 19. Qc6 Ra7 20. Bg5 f6 21. Bd2
Be6 22. Rac1 Bb3 23. Re1 Rd7 24. Bg4 Rde7 25. Qf3 Be6 26. Bxe6+ Rxe6 27. Rc6
Qd7 28. Rec1 d3 29. exd3 Bxb2 30. Rc7 Qd8 31. Qb7 R8e7 32. Bb4 1-0

[Event "MCRW_SF19"]
[Site "?"]
[Date "2009.06.30"]
[Round "?"]
[White "Splichal, Stanislav"]
[Black "Dlouhy, Radek"]
[Result "1/2-1/2"]
[WhiteElo "2197"]
[BlackElo "2154"]
[PlyCount "48"]
[EventDate "2009.??.??"]
[EventType "corr"]
[EventRounds "2"]

1. d4 d5 2. c4 e6 3. Nf3 Nf6 4. g3 dxc4 5. Bg2 Nc6 6. Qa4 Bb4+ 7. Bd2 Nd5 8.
Bxb4 Ndxb4 9. O-O Rb8 10. Na3 O-O 11. Qb5 b6 12. Qxc4 Ba6 13. Nb5 Qd5 14. Qxd5
Nxd5 15. a4 Na5 16. Ne5 Rbd8 17. Nxa7 Nb4 18. Rac1 Rxd4 19. Nb5 Bxb5 20. axb5
f6 21. e3 Rdd8 22. Nf3 Rf7 23. Bh3 Re7 24. Rfd1 Rd3 1/2-1/2

[Event "MCRW_SF19"]
[Site "?"]
[Date "2009.06.30"]
[Round "?"]
[White "Splichal, Stanislav"]
[Black "Portych, Vaclav"]
[Result "1-0"]
[WhiteElo "2197"]
[BlackElo "2157"]
[PlyCount "73"]
[EventDate "2009.??.??"]
[EventType "corr"]
[EventRounds "2"]

1. d4 Nf6 2. c4 e6 3. Nf3 b6 4. g3 Bb7 5. Bg2 Be7 6. O-O O-O 7. Nc3 Ne4 8. Bd2
Nxd2 9. Qxd2 d5 10. cxd5 exd5 11. Ne5 c6 12. e4 dxe4 13. Bxe4 f6 14. Nf3 f5 15.
Bc2 c5 16. d5 Na6 17. Bb3 Bd6 18. Ng5 Rf6 19. Ne6 Qd7 20. Ba4 Qc8 21. Nb5 Qd7
22. Qd1 Be5 23. Nbc7 Qd6 24. Nxa8 Bxa8 25. Bb3 b5 26. a4 c4 27. axb5 Qxd5 28.
Qxd5 Bxd5 29. Nf4 Bxf4 30. Rxa6 Rxa6 31. bxa6 cxb3 32. gxf4 Bc4 33. Ra1 Kf7 34.
Ra4 Be2 35. Rb4 Bxa6 36. Rxb3 Bc8 37. Rc3 1-0

[Event "MCRW_SF19"]
[Site "?"]
[Date "2009.06.30"]
[Round "?"]
[White "Splichal, Stanislav"]
[Black "Glaser, Karel"]
[Result "1/2-1/2"]
[WhiteElo "2197"]
[BlackElo "2257"]
[PlyCount "84"]
[EventDate "2009.??.??"]
[EventType "corr"]
[EventRounds "2"]

1. d4 Nf6 2. c4 e6 3. Nf3 d5 4. g3 Be7 5. Bg2 O-O 6. O-O dxc4 7. Nc3 Nc6 8. e3
Bd6 9. Qe2 e5 10. Qxc4 a6 11. a3 h6 12. d5 Ne7 13. b4 Bd7 14. Bb2 Nc8 15. a4 a5
16. b5 Bf5 17. e4 Bg6 18. Nh4 Bh7 19. Nf5 Bb4 20. Nd1 Nd6 21. Qc2 Re8 22. Nde3
Bxf5 23. exf5 Nd7 24. Rac1 Rc8 25. Bh3 f6 26. Bg4 Nc5 27. Bh5 Re7 28. Rcd1 Qd7
29. Bg6 b6 30. f3 e4 31. Bd4 exf3 32. Rxf3 Nce4 33. Rff1 Ng5 34. Kh1 Re4 35.
Ng2 Nh3 36. Nh4 Ra8 37. Bh5 Ng5 38. Qc6 Rd8 39. Ng6 Qc8 40. g4 Qd7 41. h4 Ngf7
42. Qc2 Bc5 1/2-1/2

[Event "MCRW_SF19"]
[Site "?"]
[Date "2009.06.30"]
[Round "?"]
[White "Glaser, Karel"]
[Black "Binas, Jindrich"]
[Result "1/2-1/2"]
[WhiteElo "2257"]
[BlackElo "2200"]
[PlyCount "46"]
[EventDate "2009.??.??"]
[EventType "corr"]
[EventRounds "2"]

1. e4 c5 2. Nf3 d6 3. d4 cxd4 4. Nxd4 Nf6 5. Nc3 g6 6. Be3 Bg7 7. f3 Nc6 8. Qd2
O-O 9. O-O-O d5 10. Nxc6 bxc6 11. exd5 cxd5 12. Nxd5 Nxd5 13. Qxd5 Qc7 14. Qc5
Qb7 15. Qa3 Bf5 16. Bd3 Rfb8 17. b3 a5 18. Bxf5 gxf5 19. Rd3 a4 20. b4 Rc8 21.
Rhd1 Qc7 22. Bc5 Qf4+ 23. R1d2 Qxh2 1/2-1/2

[Event "MCRW_SF19"]
[Site "?"]
[Date "2009.06.30"]
[Round "?"]
[White "Glaser, Karel"]
[Black "Mezera, Lukas"]
[Result "1/2-1/2"]
[WhiteElo "2257"]
[BlackElo "2262"]
[PlyCount "42"]
[EventDate "2009.??.??"]
[EventType "corr"]
[EventRounds "2"]

1. e4 e5 2. Nf3 Nc6 3. Bb5 Nf6 4. O-O Nxe4 5. d4 Nd6 6. Bxc6 dxc6 7. dxe5 Nf5
8. Qxd8+ Kxd8 9. Nc3 Ke8 10. Ne2 Ne7 11. h3 Ng6 12. Re1 Be7 13. b3 Be6 14. Nfd4
Rd8 15. Bb2 Kd7 16. Nxe6 fxe6 17. Rad1+ Kc8 18. g3 Rhf8 19. Nc1 Bb4 20. Rf1 Rd5
21. c4 Rdd8 1/2-1/2

[Event "MCRW_SF19"]
[Site "?"]
[Date "2009.06.30"]
[Round "?"]
[White "Glaser, Karel"]
[Black "Ryska, Jiri"]
[Result "1-0"]
[WhiteElo "2257"]
[BlackElo "2174"]
[PlyCount "101"]
[EventDate "2009.??.??"]
[EventType "corr"]
[EventRounds "2"]

1. e4 e5 2. Nf3 Nf6 3. d4 Nxe4 4. Bd3 d5 5. Nxe5 Nd7 6. Nxd7 Bxd7 7. O-O Qf6 8.
Bxe4 dxe4 9. Nc3 O-O-O 10. Nxe4 Qg6 11. Qd3 Re8 12. f3 f5 13. Nc5 Bxc5 14. dxc5
Re7 15. Bf4 Rhe8 16. Rad1 a6 17. b3 Bc6 18. Bg3 Qf6 19. Rfe1 Rxe1+ 20. Rxe1 g5
21. Rxe8+ Bxe8 22. h3 Bg6 23. Qc4 Bf7 24. Qe2 Qe6 25. Qd2 f4 26. Bf2 h6 27. Qc3
Qg6 28. Qh8+ Kd7 29. Qb2 Kc8 30. c4 Be8 31. Qe5 Bf7 32. Kh2 Kd8 33. Be1 Qe6 34.
Qd4+ Kc8 35. Ba5 Be8 36. Qg7 Bf7 37. Bc3 Be8 38. Be5 Bf7 39. a3 Qg6 40. Qf8+
Be8 41. Bf6 Kb8 42. b4 h5 43. Bxg5 Qxg5 44. Qxe8+ Ka7 45. Qe4 c6 46. a4 h4 47.
Qe1 Kb8 48. b5 Kc7 49. b6+ Kd7 50. Qe4 a5 51. Qd4+ 1-0

[Event "MCRW_SF19"]
[Site "?"]
[Date "2009.06.30"]
[Round "?"]
[White "Glaser, Karel"]
[Black "Dlouhy, Radek"]
[Result "1-0"]
[WhiteElo "2257"]
[BlackElo "2154"]
[PlyCount "147"]
[EventDate "2009.??.??"]
[EventType "corr"]
[EventRounds "2"]

1. e4 e5 2. Nf3 Nc6 3. Bb5 a6 4. Ba4 Nf6 5. O-O Nxe4 6. d4 b5 7. Bb3 d5 8. dxe5
Be6 9. Nbd2 Be7 10. c3 O-O 11. Bc2 Nxd2 12. Qxd2 f6 13. exf6 Bxf6 14. Re1 Qd7
15. Qd3 g6 16. Bb3 Rad8 17. Bh6 Rfe8 18. Bg5 Bxg5 19. Nxg5 Kg7 20. h3 Bf5 21.
Qd2 Rxe1+ 22. Rxe1 Qd6 23. Qe3 h6 24. Ne6+ Bxe6 25. Qxe6 Rd7 26. Kf1 Rd8 27. g3
Rd7 28. Bc2 Ne7 29. Qxd6 cxd6 30. Bd1 h5 31. Bb3 Kf6 32. a3 Rc7 33. Rd1 Rc5 34.
f4 Kf5 35. Kf2 Ke6 36. Ke3 Rc8 37. Rd2 Rg8 38. g4 hxg4 39. hxg4 Rh8 40. Kf3 Rh1
41. Kg3 Rh6 42. Re2+ Kf7 43. Re1 Rh8 44. Bd1 Rc8 45. Rh1 a5 46. Rh2 Rc5 47. Bb3
Nc6 48. Rd2 Ne7 49. Kh4 Kg7 50. Rd3 Kf6 51. Rd4 a4 52. Ba2 Kg7 53. Kg5 Rc8 54.
f5 gxf5 55. gxf5 Rf8 56. Rf4 Rg8 57. f6+ Kf8+ 58. Kh5 Rh8+ 59. Kg4 Rg8+ 60. Kh3
Rh8+ 61. Kg3 Ng8 62. Bxd5 Rh5 63. Be4 Re5 64. Kf3 Rh5 65. Rf5 Rxf5+ 66. Bxf5
Nxf6 67. Bd3 Nd7 68. Bxb5 Nc5 69. Ke3 Ke7 70. Kd4 Kd8 71. Kd5 Kc7 72. Bc6 Kb6
73. Kxd6 Nd3 74. Bf3 1-0

[Event "MCRW_SF19"]
[Site "?"]
[Date "2009.06.30"]
[Round "?"]
[White "Glaser, Karel"]
[Black "Portych, Vaclav"]
[Result "1-0"]
[WhiteElo "2257"]
[BlackElo "2157"]
[PlyCount "85"]
[EventDate "2009.??.??"]
[EventType "corr"]
[EventRounds "2"]

1. e4 c5 2. Nf3 Nc6 3. Bb5 d6 4. O-O Bd7 5. Re1 Nf6 6. Na3 e6 7. d3 a6 8. Bxc6
Bxc6 9. e5 Nd7 10. exd6 Bxd6 11. Nc4 Qc7 12. Nxd6+ Qxd6 13. Nd2 O-O 14. Nc4 Qd5
15. f3 b5 16. Na5 Rac8 17. Be3 Qf5 18. a4 b4 19. Nc4 Qg6 20. Bf2 Bd5 21. Qe2
Rfd8 22. b3 f6 23. Be3 e5 24. Qf2 Rc6 25. a5 Qf7 26. f4 e4 27. Qd2 exd3 28.
Qxd3 Rdc8 29. Rad1 Bxc4 30. bxc4 R6c7 31. Bf2 Nf8 32. Qe4 Rd7 33. Rxd7 Qxd7 34.
f5 h6 35. h3 Kf7 36. g4 Qc6 37. Qxc6 Rxc6 38. Rd1 Ke8 39. Kg2 Kf7 40. Bg3 Ke7
41. Kf3 Nd7 42. Re1+ Kf7 43. Ke4 1-0

[Event "MCRW_SF19"]
[Site "?"]
[Date "2009.06.30"]
[Round "?"]
[White "Glaser, Karel"]
[Black "Splichal, Stanislav"]
[Result "1/2-1/2"]
[WhiteElo "2257"]
[BlackElo "2197"]
[PlyCount "38"]
[EventDate "2009.??.??"]
[EventType "corr"]
[EventRounds "2"]

1. e4 c5 2. Nf3 Nc6 3. d4 cxd4 4. Nxd4 e6 5. Be2 Nf6 6. Nc3 Bb4 7. Qd3 d5 8.
exd5 Nxd5 9. Bd2 O-O 10. O-O Nxc3 11. bxc3 Bd6 12. Nxc6 bxc6 13. Rfd1 Qc7 14.
g3 Be7 15. Qe4 e5 16. Be3 Be6 17. Bc4 Bxc4 18. Qxc4 Rfd8 19. Qa6 h5 1/2-1/2